000 00452nab a2200145Ia 4500
003 ES-SlBCS
005 20210601140428.0
008 140529s2000 xxu||||| |||| 00| 0 spa d
041 _aspa
100 1 _aBarbosa, Joâo Alexandre
_9244555
245 0 0 _aLa poesía crítica de Joâo Cabral
_c Joâo Alexandre Barbosa
600 1 4 _aCabral, Joao Paulo
_9121510
773 0 _tCuadernos Hispanoamericanos
_gnº. 598, 2000, págs. 77-82
_wRev1135
942 _cAR
999 _c644400
_d644400